000 02133cas a2200613 a 4500
001 data
005 20260322212101.0
008 data
010 _asf 93092388
_zsn 86002610
016 7 _a8812127
_2DNLM
016 7 _aSR0062431
_2DNLM
016 7 _a008216175
_2Uk
019 _a1289265761
022 0 _a0891-7043
_21
023 0 _a0891-7043
_21
029 1 _aAU@
_b000025713864
029 1 _aGEBAY
_b1377470
029 1 _aNLM
_b8812127
029 1 _aUKMGB
_b008216175
032 _a001745
_bUSPS
035 _a(OCoLC)14972329
037 _bSubscription Services Dept., Lippincott/Harper, Downsville Pike, Route 3, Box 20-B, Hagerstown, MD 21740
040 _aNSD
_beng
_cNSD
_dOCLCQ
_dNLM
_dDLC
_dEBZ
_dOCLCQ
_dUKMGB
_dOCLCO
_dOCLCQ
_dOCLCO
_dOCLCA
_dOCLCF
_dOCLCO
_dOCLCL
_dOCLCQ
042 _apcc
_apcc
050 0 0 _aWMLC 93/2044
060 0 0 _aW1
_bEM664T
082 1 0 _a610
_211
_1https://id.oclc.org/worldcat/ddc/E38rVRdwMt9CXDhRf7Y3vwdYRm
210 0 _aEmory Univ. j. med.
222 4 _aThe Emory University journal of medicine
245 0 4 _aThe Emory University journal of medicine.
260 _aHagerstown, MD :
_bJ.B. Lippincott Co.,
_c©1987-
300 _avolumes :
_billustrations, portraits
310 _aQuarterly
336 _atext
_btxt
_2rdacontent
337 _aunmediated
_bn
_2rdamedia
338 _avolume
_bnc
_2rdacarrier
362 0 _aVol. 1, no. 1 (Jan.-Mar. 1987)-
500 _aImprint varies: Atlanta, Ga.: Emory University, <Jan.-Mar. 1992->
500 _aTitle from cover.
515 _aCeased publication.
588 _aLatest issue consulted: Vol. 6, no. 1 (Jan.-Mar. 1992).
650 0 _aMedicine.
650 2 _aMedicine
650 7 _aMedicine.
_2fast
_0(OCoLC)fst01014893
655 2 _aPeriodical
710 2 _aEmory University.
_1https://id.oclc.org/worldcat/entity/E39QH7JmpcFQkYcMXC7cxh7YqF
906 _a7
_bcbc
_cserials
_du
_encip
_f19
_gn-oclcserc
590 _aSERBIB/SERLOC merged record
890 _aEmory University journal of medicine.
_isf93-92388
920 _aKeep 1
991 _bc-Ser
_hWMLC 93/2044
_wSERIALS
992 _bSER
_wSERLOC
999 _c1456
_d1456